000 00453nam a2200169Ia 4500
008 240729s9999 xx 000 0 und d
022 _a2039-4942
245 0 _aRivista Italiana di Paleontologia e Stratigrafia
260 _aItaly
260 _bMilano University Press
650 _a Geology
650 _a Paleontology
650 _aScience
856 _uhttps://doaj.org/toc/07f42843cf12478e9d3929179db75040
942 _2ddc
942 _cDOAJEJ
999 _c67501
_d67501
945 _a1
_bMadushi Gamage
_c1
_dMadushi Gamage